01858nam a2200253 a 450000100100000000500170001000800410002702000150006804000250008308200140010824500830012226000840020530000280028949000400031750508320035765000780118965000510126770000490131871000450136783000480141204900090146095201180146999900170158700002461120200930023251.0110127s2002 sp a r 000 | spa d a8400080610 aDO-SdBNPbspacBNPHU a809bE77c00aEspacios de la comunicación literaria /cJoaquín Álvarez Barrientos, ed. aMadrid, (España) :bConsejo Superior de Investigaciones Científicas,c2002. a228 p. :bil. ;c18 cm.1 aAnejos de Revista de Literaturav550 tPresentación /rJoaquín Álvarez BarrientostGlobalización y folklore. Nuevo espacios de comunicación en la cultura popular /rLuis Díaz VianatLa fiesta como espacio literario /rJavier PortústLa calle como teatro: las representaciones en la sierra de Francia (Salamanca), siglos xvi a xx /rAntonio Cea GutiérreztEl libro: la colección de poetas castellanos (1786-1798) /rJosé Checa BeltrántSociabilidad literaria: tertulias y cafés en el siglo xviii /rJoaquín Álvarez BarrientostSalones y teatros de sociedad en el siglo xix /rAna Ma. FreiretEscenario privados: el teatro ventura /rMa. Del Carmen Menéndez OnrubiatEl espacio de la intimidad. Juan Valera, el escritor en cartas /rLeonardo Romero TobartEl espacio imaginario en la comunicación dramática /rCecilia García-Antón 4aLiteratura españolaxHistoria y críticaxLiteratura y sociedad950466 4aFilosofía de la literatura española9504671 aÁlvarez Barrientos, Joaquín,eed.9504682 aInstituto de la Lengua Española950469 0aAnejos de Revista de Literatura;v55915426 aBNGR 001054708MOaGRbGRcCTd2011-02-01iLF1l0o809 E77cp24611-10r2020-06-25w2020-06-25y4ZPréstamo en sala c24104d24104